[Event "IND-chB 48th"]
[Site "Bhiwani"]
[Date "2010.09.19"]
[Round "6"]
[White "Prathamesh, Sunil Mokal"]
[Black "Padmini, Rout"]
[Result "1-0"]
[WhiteElo "2408"]
[BlackElo "2275"]
[PlyCount "53"]
[EventDate "2010.09.16"]
[EventType "swiss"]
[EventRounds "13"]
[EventCountry "IND"]
[SourceTitle "CBM 138 Extra"]
[Source "ChessBase"]
[SourceDate "2010.10.29"]
[SourceVersion "1"]
[SourceVersionDate "2010.10.29"]
[SourceQuality "1"]

1. e4 c5 2. Nf3 d6 3. d4 cxd4 4. Nxd4 Nf6 5. Nc3 a6 6. Be2 e6 7. 0-0 Be7 8. a4 Nc6 9. Be3 0-0 10. f4 Bd7 11. Nb3 b6 12. Bf3 Qc7 13. g4 Bc8 14. Bg2 Bb7 15. g5 Nd7 16. Rf3 Rfe8 17. Rh3 Nf8 18. Qe1 Rac8 19. Qf2 Bd8 20. Rd1 f6 21. gxf6 gxf6 22. f5 Ne5 23. Rg3+ Kh8 24. Bh6 Nfg6 25. fxg6 hxg6 26. Bf4 Kg7 27. Bh3 1-0

[Event "IND-chB 48th"]
[Site "Bhiwani"]
[Date "2010.09.17"]
[Round "3"]
[White "Soumya, Swaminathan"]
[Black "Prathamesh, Sunil Mokal"]
[Result "0-1"]
[WhiteElo "2281"]
[BlackElo "2408"]
[PlyCount "52"]
[EventDate "2010.09.16"]
[EventType "swiss"]
[EventRounds "13"]
[EventCountry "IND"]
[SourceTitle "CBM 138 Extra"]
[Source "ChessBase"]
[SourceDate "2010.10.29"]
[SourceVersion "1"]
[SourceVersionDate "2010.10.29"]
[SourceQuality "1"]

1. e4 c5 2. Nf3 e6 3. d4 cxd4 4. Nxd4 a6 5. Nc3 Qc7 6. Bd3 Nf6 7. 0-0 Bc5 8. Be3 d6 9. Qf3 0-0 10. Qg3 Nbd7 11. Rad1 b5 12. a3 Bb7 13. f4 Rad8 14. Kh1 Kh8 15. Qh4 Rfe8 16. h3 Nf8 17. Qf2 Ng6 18. b4 Bxd4 19. Bxd4 e5 20. fxe5 dxe5 21. Bc5 Nf4 22. Bb6 Qxc3 23. Bxd8 Rxd8 24. Qb6 Qc8 25. Bxb5 Rg8 26. Bd3 Nxe4 0-1

[Event "Bhubaneswar op 2nd"]
[Site "Bhubaneswar"]
[Date "2010.05.23"]
[Round "3"]
[White "Kovalyov, Anton"]
[Black "Prathamesh, Sunil Mokal"]
[Result "1-0"]
[WhiteElo "2615"]
[BlackElo "2411"]
[PlyCount "77"]
[EventDate "2010.05.22"]
[EventType "swiss"]
[EventRounds "11"]
[EventCountry "IND"]
[SourceTitle "CBM 136 Extra"]
[Source "ChessBase"]
[SourceDate "2010.07.02"]
[SourceVersion "2"]
[SourceVersionDate "2010.07.15"]
[SourceQuality "1"]

1. c4 c5 2. Nf3 Nc6 3. Nc3 e5 4. g3 g6 5. Bg2 Bg7 6. 0-0 d6 7. a3 Nge7 8. b4 0-0 9. Rb1 Rb8 10. d3 h6 11. e3 Be6 12. b5 Na5 13. Bd2 f5 14. Qa4 e4 15. Ne1 b6 16. Ne2 exd3 17. Nf4 Bf7 18. Bxa5 bxa5 19. Nexd3 Qb6 20. Qc2 a6 21. a4 Qa7 22. Nb2 g5 23. Nfd3 Nc8 24. Ra1 Nb6 25. Ra2 Rfc8 26. f4 d5 27. fxg5 dxc4 28. g6 cxd3 29. gxf7+ Qxf7 30. Nxd3 axb5 31. axb5 Nc4 32. Rxf5 Qxf5 33. Qxc4+ Kh8 34. Be4 Qg5 35. Nf4 Rb6 36. Rxa5 Rd8 37. Ra6 Rxa6 38. bxa6 Be5 39. Qf7 1-0

[Event "Kuala Lumpur op 3rd"]
[Site "Kuala Lumpur"]
[Date "2010.04.09"]
[Round "5"]
[White "Yeoh, Li Tian"]
[Black "Prathamesh, Sunil Mokal"]
[Result "1/2-1/2"]
[WhiteElo "1971"]
[BlackElo "2403"]
[PlyCount "42"]
[EventDate "2010.04.07"]
[EventType "swiss"]
[EventRounds "9"]
[EventCountry "MAS"]
[SourceTitle "CBM 135 Extra"]
[Source "ChessBase"]
[SourceDate "2010.05.04"]
[SourceVersion "1"]
[SourceVersionDate "2010.05.04"]
[SourceQuality "1"]

1. e4 c5 2. c3 Nf6 3. e5 Nd5 4. d4 cxd4 5. cxd4 e6 6. Nf3 d6 7. Bc4 Nc6 8. 0-0 Be7 9. Qe2 0-0 10. Nc3 dxe5 11. dxe5 Nxc3 12. bxc3 Qa5 13. Qe4 g6 14. Re1 Rd8 15. Bg5 Bd7 16. Qh4 Qc5 17. Rab1 Rab8 18. Rb5 Qa3 19. Rb3 Qc5 20. Rb5 Qa3 21. Rb3 Qc5 1/2-1/2

[Event "IND-chA"]
[Site "Mumbai"]
[Date "2009.12.14"]
[Round "13"]
[White "Sundararajan, Kidambi"]
[Black "Prathamesh, Sunil Mokal"]
[Result "1-0"]
[WhiteElo "2516"]
[BlackElo "2382"]
[PlyCount "91"]
[EventDate "2009.12.01"]
[EventType "swiss"]
[EventRounds "13"]
[EventCountry "IND"]
[SourceTitle "CBM 133 Extra"]
[Source "ChessBase"]
[SourceDate "2010.01.05"]
[SourceVersion "1"]
[SourceVersionDate "2010.01.05"]
[SourceQuality "1"]

1. d4 Nf6 2. c4 c5 3. d5 e6 4. Nc3 exd5 5. cxd5 d6 6. Nf3 g6 7. Nd2 Bg7 8. Nc4 0-0 9. Bf4 Ne8 10. e3 b6 11. Qd2 Ba6 12. a4 Bxc4 13. Bxc4 f5 14. 0-0 Nd7 15. e4 Qf6 16. Rae1 Kh8 17. Bb5 Ne5 18. Bg5 Qf7 19. f4 Ng4 20. h3 Bd4+ 21. Kh1 Ngf6 22. e5 Nh5 23. Rf3 Qg7 24. Bc6 Rb8 25. Nb5 h6 26. Nxd4 cxd4 27. Bh4 Nxf4 28. Qxf4 g5 29. Qxd4 gxh4 30. Qxh4 dxe5 31. Rg3 Qf6 32. Qxf6+ Rxf6 33. Rxe5 Ng7 34. Re7 Nh5 35. Rge3 a5 36. R3e6 Rd8 37. Re8+ Rxe8 38. Rxe8+ Kg7 39. Rb8 f4 40. Rxb6 Rf5 41. Kg1 Re5 42. Kf2 Re3 43. g4 Nf6 44. d6 Rxh3 45. d7 Rd3 46. Rb8 1-0